00508cam a2200157 a 450000100100000000500170001000800410002704000250006808200190009310000210011224500790013326000450021230000210025765000300027865000420030800001139620200929162436.0820908s1981 pr 000 p spa  aDO-SdBNPbspacBNPHU aPR861.44bR5861 aRios Colon, Luis10aBuscando un puerto :bPoemas y un trabajo en prosa /cLuis Ríos Colón. aCarolina (Puerto Rico) :bRaices,c1981. a120 p. ;c19 cm. 4aPoesía puertorriqueña 4aLiteratura puertorriqueñaySIGLO XX